| 000 | 01405nam a2200301 a 4500 | ||
|---|---|---|---|
| 001 | 000017923 | ||
| 003 | DO-SdBNP | ||
| 005 | 20240307073947.0 | ||
| 007 | ta | ||
| 008 | 100407e1987 dr er 001 e spa d | ||
| 040 |
_aDO-SdBNP _bspa _cBNPHU |
||
| 082 | 4 |
_a320.97285 _bF676b _222 |
|
| 100 | 1 |
_aFonseca, Carlos _966491 _d1936-1976 |
|
| 245 | 1 | 0 |
_aBajo la bandera del sandinismo / _cCarlos Fonseca ; presentación, Fernando Sánchez Martínez. |
| 260 |
_aSanto Domingo : _bUniversitaria - UASD, _c1987 |
||
| 300 |
_a423 P. ; _c22 cm. |
||
| 490 |
_aHistoria y sociedad ; _v74 |
||
| 500 | _aIncluye bibliografía y notas al pie de páginas | ||
| 500 | _aLa biblioteca posee el v.1 (Obras). | ||
| 505 |
_aNota a la presente edición. / _rHumberto Ortega Saavedra: Carlos, el eslabón vital de nuestra historia, _t1. Un nicaraguense en Moscú.-- _t2. Análisis histórico-políticos.-- _t3. Cartas.-- _t4. Declaraciones y entrevistas.-- _t5. Manifiestos y proclamas.-- _t6. Estudios e investigaciones. |
||
| 590 | _aInventariado, 2018/ YL | ||
| 651 | 4 |
_aNicaragua _xPolítica y Gobierno _y1937-1979 _98782 |
|
| 700 | 2 |
_aSánchez Martínez, Fernando _epres. _97183 |
|
| 710 | 1 |
_aUniversidad Autónoma de Santo Domingo _972951 |
|
| 830 | 0 |
_aPublicaciones de la Universidad Autónoma de Santo Domingo ; _v566 _pHistoria y SSociedad ; _n74 _938890 |
|
| 910 | _aValidado. Control de calidad MFF | ||
| 942 |
_2ddc _cLBS1 |
||
| 999 |
_c17447 _d17447 |
||